Prognózovanie vývoja podnikateľského prostredia vybraného podniku bakalárska práca

Saved in:
Bibliographic Details
Main Author: Sakáčová, Simona
Corporate Author: Podnikovohospodárska fakulta EU so sídlom v Košiciach. Katedra manažmentu
Other Authors: Kubíková, Zuzana
Format: Book
Language:Slovak
Published: Košice 2016
Tags: Add Tag
No Tags, Be the first to tag this record!

MARC

LEADER 00000nbm a2200000 4500
001 0217652
005 20161212141341.7
041 0 |a slo 
044 |a SK 
245 1 0 |a Prognózovanie vývoja podnikateľského prostredia vybraného podniku  |b bakalárska práca  |c Simona Sakáčová ; školiteľ: Zuzana Kubíková 
264 1 |a Košice  |c 2016 
300 |a 60 s. 
100 1 |a Sakáčová, Simona 
700 1 |a Kubíková, Zuzana 
710 2 |a Podnikovohospodárska fakulta EU so sídlom v Košiciach. Katedra manažmentu